000 00672nam a2200205 i 4500
001 23317
003 ES-MaACL
005 20251009063049.0
007 t|
008 021210m19501956sp ||||1| cat d
100 1 _aAmades, Joan,
_d1890-1959
_921074
245 1 0 _aCostumari catalá
_b: el curs de l'any /
_cper Joan Amades.
250 _a1ª ed.
260 _aBarcelona :
_bSalvat,
_c1950-1956 (
_fImp. Hispano-Americana)
300 _a4 v. :
_bil. ;
_c28 cm.
505 8 _aContiene: V.I: Hivern. -- V.III: Corpus-Primavera. -- V.IV: Estiu. -- V.V: Tardor
650 4 _aFolklore-
_zCataluña.
_9168514
852 _aES-MaACL
_jP-983
999 _c23317
_d23317